000 00855nam a2200253 a 4500
003 OSt
005 20130701134450.0
008 130701s1994 sz ||||| |||| 00| 0 spa d
020 _a92 4 320846 2
040 _cBiblioteca Medicina
041 _aspa
082 _aOMS IT 846
110 _aOrganizacion Mundial de la Salud
_91006
245 0 3 _aLos fluoruros y la salud bucodental.
_bInforme de un Comite de Expertos de la OMS en el estado de la salud bucodental y el uso de fluoruros
250 _a1° ed.
260 _aGinebra
_bOrganizacion Mundial de la Salud
_c1994
300 _a44 p.
440 0 0 _aInformes Tecnicos
_n846
_92481
653 _aFLUORUROS
653 _aSALUD BUCODENTAL
653 _aSALUD BUCAL
942 _2ddc
_cPH
999 _c1547
_d1547
952 _pH0066
_40
_00
_bBFM
_10
_oOMS IT 846
_d2013-07-01
_tEj. 1
_8NFIC
_70
_cCR
_2ddc
_yPH
_aBFM